00418nam a2200205Ia 4500003000900000008004100009040001300050040001300063041000800076100002200084245002300106250001200129260001200141260000900153300001100162300000900173300001200182490001200194490000600206IT-RoPAU120407s9999 xx 000 0 und d aIT-RoPAU cIT-RoPAU aita aScandaletti Paolo aAntonio da Padova  aMilano  aRusconi c1981 a215 p. bill. c21,5 cm aLe vite v1